Central Library OPAC University of Rajshahi

The life of the kangaroo / (Record no. 12373)

MARC details
000 -LEADER
fixed length control field 00712cam a22002411 4500
001 - CONTROL NUMBER
control field 12373
003 - CONTROL NUMBER IDENTIFIER
rucl marc code BD-RjUL
005 - DATE AND TIME OF LATEST TRANSACTION
control field 20211208235300.0
008 - FIXED-LENGTH DATA ELEMENTS--GENERAL INFORMATION
fixed length control field 140128s1966 nyua 000 0 eng
035 ## - SYSTEM CONTROL NUMBER
System control number (BD-RjUL)12422
040 ## - CATALOGING SOURCE
Original cataloging agency DLC
Transcribing agency DLC
Modifying agency DLC
-- BD-RjUL
Language of cataloging eng
041 ## - LANGUAGE CODE
Language code of text/sound track or separate title eng
082 00 - DEWEY DECIMAL CLASSIFICATION NUMBER
Classification number 599.2
Author mark and year BRL 1966
100 1# - MAIN ENTRY--PERSONAL NAME
Personal name Breeden, Stanley,
Dates associated with a name 1937 or 1938-
9 (RLIN) 38427
245 14 - TITLE STATEMENT
Title The life of the kangaroo /
Statement of responsibility, etc. [by] Stanley and Kay Breeden.
260 ## - PUBLICATION, DISTRIBUTION, ETC. (IMPRINT)
Place of publication, distribution, etc. London :
Name of publisher, distributor, etc. Angus and Robertson,
Date of publication, distribution, etc. c1966.
300 ## - PHYSICAL DESCRIPTION
Pagination 80 p. :
Illustrations illus. ;
Size 29 cm.
650 #0 - SUBJECT ADDED ENTRY--TOPICAL TERM
Topical term or geographic name as entry element Eastern grey kangaroo.
9 (RLIN) 38428
700 1# - ADDED ENTRY--PERSONAL NAME
Personal name Breeden, Kay,
Relator term joint author.
942 ## - ADDED ENTRY ELEMENTS (KOHA)
Source of classification or shelving scheme Dewey Decimal Classification
Koha item type Books
Holdings
Lost status Source of classification or shelving scheme Damaged status Not for loan Collection code Permanent Location Current Location Shelving location Date acquired Source of acquisition Cost, normal purchase price Total Checkouts Full call number Date last seen Copy number Koha item type
  Dewey Decimal Classification   Not For Loan Non-fiction Central Library, University of Rajshahi Central Library, University of Rajshahi Reading Room 11/09/1973 Govt. of Australia. 0.00   599.2 BRL 1966 28/01/2014 C-1 Books